Rozell's complete lessons; (Record no. 7481)

MARC details
000 -LEADER
fixed length control field 00700cas a2200229u 4500
001 - CONTROL NUMBER
control field 11033756
003 - CONTROL NUMBER IDENTIFIER
control field GBCCL
005 - DATE AND TIME OF LATEST TRANSACTION
control field 20241126110629.0
008 - FIXED-LENGTH DATA ELEMENTS--GENERAL INFORMATION
fixed length control field 930203u xx u 0 0eng
010 ## -
-- 52000347
040 ## - CATALOGING SOURCE
Original cataloging agency DLC
Transcribing agency CarP
Modifying agency DLC
050 00 -
-- BV1560
-- .R6
082 ## - DEWEY DECIMAL CLASSIFICATION NUMBER
Classification number 268.61
Item number ROZ
245 00 - TITLE STATEMENT
Title Rozell's complete lessons;
Statement of responsibility, etc. commentary on International Bible lessons uniform series.
260 ## - PUBLICATION, DISTRIBUTION, ETC.
Place of publication, distribution, etc. Owensboro, Ky. [etc.]
Name of publisher, distributor, etc. Rozell and Co.
Date of publication, distribution, etc. [n.d.]
300 ## - PHYSICAL DESCRIPTION
Extent v.
Dimensions 23 cm.
310 ## -
-- Unknown
630 00 - SUBJECT ADDED ENTRY--UNIFORM TITLE
Uniform title International Sunday school lessons.
9 (RLIN) 2919
700 1# - ADDED ENTRY--PERSONAL NAME
Personal name Rozell, Ray. [from old catalog]
9 (RLIN) 13224
906 ## - LOCAL DATA ELEMENT F, LDF (RLIN)
a 0
b cbc
c serprem
d u
e ncip
f 19
g y-ilsserca
942 ## - ADDED ENTRY ELEMENTS (KOHA)
Source of classification or shelving scheme Dewey Decimal Classification
Koha item type Books
Holdings
Withdrawn status Lost status Source of classification or shelving scheme Damaged status Not for loan Home library Current Library Shelving location Date acquired Total checkouts Full call number Barcode Date last seen Copy number Price effective from Koha item type
    Dewey Decimal Classification     GRACE BIBLE COLLEGE GRACE BIBLE COLLEGE Ministry & Mission 2018-08-16   268.61 ROZ 002653 2025-05-01 v.22 2018-08-16 Books
© Grace Bible College Library 2025